Cuerpo normativo sobre redes para la distribución hasta 4 bar de gases de petróleo y manufacturado /

Guardado en:
Autor Corporativo: Gas del estado (Argentina).
Formato: Libro
Idioma:Spanish
Publicado: [Buenos Aires?] : Gas del Estado, [1990?]
Materias:
Etiquetas: Agregar Etiqueta
Sin Etiquetas, Sea el primero en etiquetar este registro!
LEADER 00723nam a22001815a 4500
001 EIQ.libpla002007
008 070323s1975####ag#a##########000#0#spa#d
005 20070323190540.0
245 1 0 |a Cuerpo normativo sobre redes para la distribución hasta 4 bar de gases de petróleo y manufacturado /  |c Gas del Estado. 
260 |a [Buenos Aires?] :  |b Gas del Estado,  |c [1990?] 
300 |a 1v. (en varias paginaciones) :  |b il. ;  |c 28 cm. 
650 4 |a Gas natural  |x Normas. 
650 4 |a Gas natural  |x Redes de distribución. 
650 4 |a Natural gas  |x Norms. 
650 4 |a Natural gas  |x Networks of distribution. 
040 |a AR-BbSID  |b spa  |c AR-BbSID 
110 2 |a Gas del estado (Argentina). 
859 |a AR-BbSID  |b BIB. PLAPIQUI  |h 665.773  |i G 21  |k R  |p 350